00461nam a2200157 a 4500008004100000020001800041050001400059100002100073245007800094250001200172260003600184300002100220350000900241650004100250650001200291150817s2001 ||||||||||||||||| || u a9780321126528 aQM 25 Mar aMarieb, Elaine N10aEssentials of human anatomy and physiology.(7th ed.)cby Elaine N. Marieb a7th ed. aCanadabBenjamin/Cummingsc2001 axix, 588p. :ill. a0.39 aHUMAN PHYSIOLOGY--INSTRUCTOR'S GUIDE 3aANATOMY